Music Quiz

Random Music or Album Quiz
Score 0/5 Timer 02:00
0 Plays Today
year % Correct
2009Daisy
96.8%
2003Deja Entendu
95.7%
2017Science Fiction
95.5%
2006The Devil and God Are Raging Inside Me
92.8%
2001Your Favorite Weapon
89.8%
Remove Ads.
Support Sporcle.
Get the best of Sporcle when you Go Orange. This ad-free experience offers more features, more stats, and more fun while also helping to support Sporcle. Thank you for becoming a member.

You're not logged in!

Compare scores with friends on all Sporcle quizzes.
OR
Log In

Show Comments

Extras

Created Sep 27, 2009ReportNominate
Tags:Album Quiz, brand

Top Quizzes Today


Score Distribution

Your Account Isn't Verified!

In order to create a playlist on Sporcle, you need to verify the email address you used during registration. Go to your Sporcle Settings to finish the process.

Report this User

Report this user for behavior that violates our Community Guidelines.

Details: